000 00294nam a22001217a 4500
008 180129b xxu||||| ||082039588889| 00| 0 eng d
041 _aeng
080 _a070
100 _a40
101 _aMED
245 _aMedia Composer 6: Part 2- Effects Essentials
_cStaten, G
942 _2udc
_cBK
999 _c41163
_d41163